000 00295 a2200133 4500
999 _c323444
_d323444
001 88371
003 NUST
082 _a823.914 GAR
100 _aGardner John
_99774
245 _aIcebreaker
_cGardner John
250 _a1st
260 _aUSA
_bG.P. Putnam
_c1983
300 _a301p
942 _aCAE NUST
_cBK
_k823.914 GAR
_2ddc